[Event "31st 4NCL Congress"]
[Site "Harrogate, North Yorkshire, ENG"]
[Date "2024.01.20"]
[Round "2.22"]
[White "Leigh, Dominic"]
[Black "Kenning, Paul H"]
[Result "1/2-1/2"]
[WhiteElo "1687"]
[BlackElo "1829"]
[PlyCount "70"]
[EventDate "2024.01.19"]

1. d4 d5 2. c4 Nc6 3. cxd5 Qxd5 4. e3 e5 5. Nc3 Bb4 6. Bd2 Bxc3 7. Bxc3 exd4 8.
Ne2 Nf6 9. Nxd4 O-O 10. Nxc6 Qxc6 11. Rc1 Bg4 12. f3 Bh5 13. Bd4 Qd6 14. Be2
Rfe8 15. Qb3 b6 16. Bxf6 Qxf6 17. Rxc7 Qg5 18. Kf2 Qe5 19. Rc3 Rad8 20. g3 Qf5
21. Rd1 Qh3 22. Kg1 h6 23. Rcd3 Qc8 24. Kg2 Bg6 25. Rc3 Qb7 26. Rxd8 Rxd8 27.
Bd3 Bh5 28. e4 Bg6 29. Qc2 Rd7 30. Bb5 Re7 31. Rc8+ Kh7 32. Qc6 Qxc6 33. Rxc6
f6 34. Rc2 Rxe4 35. Bd3 Re7 1/2-1/2

[Event "31st 4NCL Congress"]
[Site "Harrogate, North Yorkshire, ENG"]
[Date "2024.01.20"]
[Round "2.23"]
[White "David, Barry AH"]
[Black "Hall, James"]
[Result "1/2-1/2"]
[WhiteElo "1658"]
[BlackElo "1969"]
[PlyCount "78"]
[EventDate "2024.01.19"]

1. e4 e5 2. Nf3 d5 3. exd5 Nf6 4. Be2 e4 5. Ne5 Qxd5 6. d4 exd3 7. Nxd3 Qxg2 8.
Bf3 Qh3 9. Qe2+ Be7 10. Bf4 Nc6 11. Bxc6+ bxc6 12. f3 Ba6 13. Bxc7 Nd5 14. Bg3
O-O 15. Nd2 Bc5 16. O-O-O Rfe8 17. Qf1 Qf5 18. Bf2 Bxd3 19. cxd3 Be3 20. a3 Nf4
21. Bxe3 Nxd3+ 22. Kb1 Rxe3 23. Ne4 Rxf3 24. Ng3 Qd5 25. Qe2 Rb8 26. Rhe1 g6
27. Ne4 Qd4 28. Rd2 h6 29. h4 Rb3 30. h5 g5 31. Nc5 Qxc5 32. Qxf3 Qd4 33. Qe2
Qc5 34. Qe8+ Kg7 35. Ree2 Qc1+ 36. Ka2 Qc4 37. Kb1 Qc1+ 38. Ka2 Qc4 39. Kb1
Qc1+ 1/2-1/2

[Event "31st 4NCL Congress"]
[Site "Harrogate, North Yorkshire, ENG"]
[Date "2024.01.20"]
[Round "2.24"]
[White "Bielby, Paul R"]
[Black "Cooper, Malcolm H"]
[Result "1/2-1/2"]
[WhiteElo "1908"]
[BlackElo "1778"]
[PlyCount "55"]
[EventDate "2024.01.19"]

1. e4 c5 2. Nf3 Nc6 3. Bb5 g6 4. O-O Bg7 5. c3 e5 6. d3 Nge7 7. Re1 O-O 8. Nbd2
Qc7 9. Nf1 a6 10. Ba4 b5 11. Bc2 d6 12. h3 h6 13. Ng3 Be6 14. Nh4 b4 15. Bd2 a5
16. Bb3 Qd7 17. Nf3 Kh7 18. Qe2 a4 19. Bxe6 Qxe6 20. c4 f5 21. exf5 gxf5 22.
Rab1 Qf6 23. Nh5 Qf7 24. Ng3 Qf6 25. Kh2 Rg8 26. Nh5 Qf7 27. Ng3 Qf6 28. Nh5
1/2-1/2

[Event "31st 4NCL Congress"]
[Site "Harrogate, North Yorkshire, ENG"]
[Date "2024.01.20"]
[Round "2.25"]
[White "Macphail, Kieran"]
[Black "Hall, David G"]
[Result "1/2-1/2"]
[WhiteElo "1820"]
[BlackElo "1763"]
[PlyCount "85"]
[EventDate "2024.01.19"]

1. e4 g6 2. d4 Bg7 3. Nf3 c6 4. Bd3 d5 5. e5 Bg4 6. Nbd2 e6 7. h3 Bxf3 8. Nxf3
Ne7 9. O-O c5 10. dxc5 Nbc6 11. Re1 Qa5 12. c3 Qxc5 13. Be3 Qa5 14. Bf4 O-O 15.
a4 Rac8 16. Qd2 Qc7 17. Bh6 Na5 18. Qf4 Nc4 19. Bxg7 Kxg7 20. Qf6+ Kg8 21. Bxc4
dxc4 22. Qh4 Nf5 23. Qf4 Kg7 24. g4 Nh6 25. Qf6+ Kg8 26. Nd4 Qd8 27. Qf3 Qd5
28. Qxd5 exd5 29. Nb5 a6 30. Nd6 Rc6 31. g5 Nf5 32. Nxf5 gxf5 33. a5 Rd8 34.
Red1 Kf8 35. f4 Ke7 36. Kf2 Ke6 37. Ke3 b5 38. Kd4 Rb8 39. Rdb1 b4 40. h4 Rc7
41. h5 Rcb7 42. Rg1 Rg8 43. Rgb1 1/2-1/2

[Event "31st 4NCL Congress"]
[Site "Harrogate, North Yorkshire, ENG"]
[Date "2024.01.20"]
[Round "2.26"]
[White "Chester, Ian B"]
[Black "McKerracher, Douglas"]
[Result "1-0"]
[WhiteElo "1728"]
[BlackElo "1798"]
[PlyCount "139"]
[EventDate "2024.01.19"]

1. e4 d5 2. exd5 Qxd5 3. Nc3 Qa5 4. d4 Nf6 5. Bd2 c6 6. Ne4 Qc7 7. Nxf6+ gxf6
8. g3 e6 9. Bg2 Nd7 10. c4 Be7 11. Nf3 b6 12. O-O Bb7 13. Rc1 c5 14. Re1 cxd4
15. Nxd4 Bxg2 16. Kxg2 Qb7+ 17. Qf3 Qxf3+ 18. Nxf3 Nc5 19. Rc2 Rd8 20. b3 Rg8
21. h3 Nd3 22. Re2 Bd6 23. Be3 f5 24. Bg5 Rd7 25. Kf1 Rg6 26. Bd2 h5 27. Nh4
Rg8 28. Nxf5 Bc7 29. Bc3 Nc5 30. Ng7+ Kd8 31. Nxh5 Rd1+ 32. Re1 Rxe1+ 33. Kxe1
Kc8 34. Re2 a5 35. Nf6 Rg6 36. Ne4 Nd3+ 37. Kd2 Ne5 38. h4 Nc6 39. Ng5 Nd8 40.
Nf3 Rg8 41. Be5 Bxe5 42. Nxe5 Kc7 43. Kd3 Kd6 44. Nf3 Nc6 45. Rd2 Ke7 46. Ng5
Rg7 47. Ke4 f6 48. Nf3 Rg4+ 49. Ke3 e5 50. Nh2 Rg8 51. Rd5 Nb4 52. Rd2 Nc6 53.
g4 Ke6 54. Ke4 Nd4 55. f3 Rg7 56. f4 Rh7 57. f5+ Ke7 58. h5 Rg7 59. Rg2 Nc6 60.
Nf3 Rh7 61. Nh4 Nd4 62. Ng6+ Kf7 63. Rd2 Ke8 64. Rd3 Kd8 65. Nxe5 fxe5 66. Kxe5
Re7+ 67. Kxd4 Rc7 68. Ke4+ Ke7 69. Kf4 Ra7 70. Re3+ 1-0

[Event "31st 4NCL Congress"]
[Site "Harrogate, North Yorkshire, ENG"]
[Date "2024.01.20"]
[Round "2.27"]
[White "Corcoran, Gary"]
[Black "Gallagher, Dominic"]
[Result "0-1"]
[WhiteElo "1796"]
[BlackElo "1720"]
[PlyCount "84"]
[EventDate "2024.01.19"]

1. e4 e5 2. Nf3 Nc6 3. d4 exd4 4. Bc4 Nf6 5. O-O Bc5 6. e5 d5 7. exf6 dxc4 8.
Re1+ Be6 9. fxg7 Rg8 10. Ng5 Qd5 11. Rxe6+ fxe6 12. Qh5+ Kd7 13. Qf7+ Be7 14.
Nxh7 Qe5 15. g3 Qe1+ 16. Kg2 Qe4+ 17. Kf1 Qxh7 18. Nd2 Rxg7 19. Qf3 Rf8 20. Qg2
Qxc2 21. Qe4 Qxe4 22. Nxe4 Rgf7 23. f4 Ne5 24. Kg2 Nd3 25. h4 e5 26. fxe5 Nxe5
27. Bh6 Rh8 28. Bg5 Bxg5 29. Nxg5 Re7 30. Ne4 Rf8 31. Rh1 Ng4 32. Ng5 Re1 33.
Rxe1 Rf2+ 34. Kh3 Ne3 35. h5 Rxb2 36. h6 Rb6 37. Rxe3 dxe3 38. h7 Rh6+ 39. Kg2
c3 40. Nf7 Rxh7 41. Ne5+ Ke6 42. Ng4 c2 0-1

[Event "31st 4NCL Congress"]
[Site "Harrogate, North Yorkshire, ENG"]
[Date "2024.01.20"]
[Round "2.28"]
[White "Siu, Kam Wa"]
[Black "Tarbuck, Laurence JM"]
[Result "1/2-1/2"]
[WhiteElo "1795"]
[BlackElo "1708"]
[PlyCount "38"]
[EventDate "2024.01.19"]

1. e4 c6 2. d4 d5 3. f3 e6 4. Nc3 Bb4 5. e5 c5 6. a3 Bxc3+ 7. bxc3 c4 8. f4 Ne7
9. Nf3 Qa5 10. Bd2 b5 11. g4 h5 12. gxh5 Rxh5 13. Ng5 Rh4 14. Be2 Nbc6 15. O-O
Nf5 16. Bg4 Nce7 17. Bxf5 Nxf5 18. Rf2 Bd7 19. Rg2 Qd8 1/2-1/2

[Event "31st 4NCL Congress"]
[Site "Harrogate, North Yorkshire, ENG"]
[Date "2024.01.20"]
[Round "2.29"]
[White "Williamson, Graham AG"]
[Black "Sharkey, Gary"]
[Result "1/2-1/2"]
[WhiteElo "1787"]
[BlackElo "1707"]
[PlyCount "87"]
[EventDate "2024.01.19"]

1. d4 Nf6 2. Bf4 d6 3. e3 g6 4. c3 Bg7 5. Nd2 O-O 6. Bc4 Nbd7 7. Ngf3 c5 8. O-O
a6 9. a3 b5 10. Bb3 c4 11. Bc2 Bb7 12. Qe2 Qc7 13. Rfc1 Nh5 14. Rab1 e5 15. Bg5
d5 16. g4 Nhf6 17. h3 Ne4 18. Bxe4 dxe4 19. Nxe5 Nxe5 20. dxe5 Qxe5 21. Bf4 Qe7
22. a4 Rad8 23. axb5 axb5 24. b3 cxb3 25. Nxb3 Rd5 26. Nd4 Bxd4 27. cxd4 Qh4
28. Kg2 h5 29. Rc5 Rxc5 30. dxc5 Bc6 31. Bg3 Qg5 32. gxh5 gxh5 33. h4 Qf5 34.
Rd1 Bd7 35. Rxd7 Qxd7 36. Qxh5 Qe6 37. Kh2 Qg6 38. Qd5 Qe6 39. Qg5+ Kh7 40.
Qh5+ Qh6 41. Qf5+ Qg6 42. Qd7 Qe6 43. Qxb5 Rc8 44. Bd6 1/2-1/2

[Event "31st 4NCL Congress"]
[Site "Harrogate, North Yorkshire, ENG"]
[Date "2024.01.20"]
[Round "2.30"]
[White "Griffin-Young, Sebastian"]
[Black "Wilson, Graham J"]
[Result "1/2-1/2"]
[WhiteElo "1548"]
[BlackElo "1785"]
[PlyCount "85"]
[EventDate "2024.01.19"]

1. c4 c5 2. Nc3 Nc6 3. g3 g6 4. Bg2 Bg7 5. e4 d6 6. Nge2 Nf6 7. O-O O-O 8. d3
a6 9. h3 Rb8 10. a4 e6 11. Be3 Qc7 12. d4 cxd4 13. Nxd4 Nxd4 14. Bxd4 Bd7 15.
Rc1 Rfc8 16. b3 Bc6 17. f4 e5 18. Be3 Ne8 19. f5 b6 20. Qg4 Qb7 21. Nd5 Bxd5
22. exd5 Nf6 23. Qh4 Nd7 24. fxg6 fxg6 25. Bh6 Nc5 26. Bxg7 Qxg7 27. Qg4 a5 28.
Rf3 Rf8 29. Rcf1 Rxf3 30. Rxf3 Rf8 31. Rxf8+ Qxf8 32. h4 Kg7 33. h5 Qf5 34. Qh4
g5 35. h6+ Kf6 36. Qh5 Qg6 37. Qg4 e4 38. Qc8 Qxh6 39. Qd8+ Ke5 40. Qxb6 g4 41.
Qd8 Qc1+ 42. Kh2 Qh6+ 43. Kg1 1/2-1/2

[Event "31st 4NCL Congress"]
[Site "Harrogate, North Yorkshire, ENG"]
[Date "2024.01.20"]
[Round "2.31"]
[White "Tomlinson, Zak"]
[Black "Farahmandpour, Ehsan"]
[Result "1/2-1/2"]
[WhiteElo "1782"]
[BlackElo "1654"]
[PlyCount "219"]
[EventDate "2024.01.19"]

1. e4 c6 2. d4 d5 3. exd5 cxd5 4. c4 Nf6 5. Nc3 dxc4 6. Bxc4 e6 7. Nf3 Be7 8.
O-O Nbd7 9. a3 a6 10. b4 b5 11. Ba2 Nb6 12. Ne5 Bb7 13. Bg5 O-O 14. Rc1 Rc8 15.
Qd3 Nbd5 16. Bb1 Nxc3 17. Bxf6 Be4 18. Qd2 Nxb1 19. Rxc8 Nxd2 20. Rxd8 Bxf6 21.
Rxf8+ Kxf8 22. Nd7+ Ke7 23. Nxf6 Kxf6 24. Rc1 Nc4 25. Rc3 Ke7 26. f3 Bc6 27.
Kf2 Kd6 28. Ke2 f5 29. Kd3 g5 30. Kc2 Kd5 31. Rd3 f4 32. Kb3 Ne3 33. Rc3 Kd6
34. Rc5 Bd5+ 35. Kc3 Kd7 36. g3 fxg3 37. hxg3 Nf5 38. g4 Nd6 39. Kd3 Nb7 40.
Rc2 Bxf3 41. Rf2 Bxg4 42. Rf7+ Kc6 43. Ke3 Bf5 44. d5+ Kb6 45. dxe6 Bxe6 46.
Rxh7 Kc6 47. Rg7 g4 48. Kd4 a5 49. Ke5 axb4 50. axb4 Nd8 51. Rg6 Kd7 52. Rg7+
Ke8 53. Kd6 Kf8 54. Rh7 Nf7+ 55. Kc5 Bc4 56. Kd4 g3 57. Ke3 g2 58. Kf2 Bf1 59.
Rh5 Ke7 60. Rxb5 Bxb5 61. Kxg2 Ke6 62. Kf3 Kd5 63. Ke3 Kc4 64. Ke4 Kxb4 65. Kd4
Bc4 66. Ke4 Kc5 67. Ke3 Kd5 68. Kf4 Nd6 69. Kf3 Ke5 70. Ke3 Nf5+ 71. Kf3 Bd3
72. Kg4 Nd4 73. Kg5 Be2 74. Kg6 Ne6 75. Kf7 Kd6 76. Kf6 Bg4 77. Kf7 Bf5 78. Kf6
Be4 79. Kf7 Ke5 80. Ke7 Bg6 81. Kd7 Nd4 82. Kc7 Ke6 83. Kb6 Kd6 84. Kb7 Be4+
85. Kb6 Bd5 86. Ka5 Kc5 87. Ka4 Nc2 88. Ka5 Bb3 89. Ka6 Ne3 90. Kb7 Nd5 91. Kc8
Ba4 92. Kd8 Bb5 93. Kc8 Kc6 94. Kd8 Kd6 95. Kc8 Nb4 96. Kb7 Bd7 97. Kb6 Nd5+
98. Ka5 Kc5 99. Ka6 Nb4+ 100. Ka5 Nd5 101. Ka6 Ba4 102. Ka5 Bc2 103. Ka6 Kc6
104. Ka5 Bd1 105. Ka6 Nf4 106. Ka5 Nd3 107. Ka6 Ne5 108. Ka5 Nd3 109. Ka6 Bf3
110. Ka5 1/2-1/2

[Event "31st 4NCL Congress"]
[Site "Harrogate, North Yorkshire, ENG"]
[Date "2024.01.20"]
[Round "3.1"]
[White "Stokes, Mike R"]
[Black "Towers, Brian"]
[Result "1-0"]
[WhiteElo "1960"]
[BlackElo "1864"]
[PlyCount "86"]
[EventDate "2024.01.19"]

1. e4 d6 2. d4 Nf6 3. Nc3 e5 4. Nf3 Nbd7 5. Bc4 Be7 6. Bg5 c6 7. Qd2 b5 8. Bd3
a6 9. h3 Qc7 10. O-O Nf8 11. Ne2 h6 12. Be3 g5 13. a4 Rb8 14. axb5 axb5 15.
dxe5 dxe5 16. Rfd1 Ng6 17. Ra7 Qd6 18. Nc3 O-O 19. Bxg5 hxg5 20. Qxg5 Nh7 21.
Qg3 Qf6 22. Bxb5 cxb5 23. Nd5 Qg7 24. Nxe7+ Nxe7 25. Qxg7+ Kxg7 26. Rxe7 Be6
27. Nxe5 Kf6 28. Nc6 Rbc8 29. e5+ Kg6 30. Nd4 Ng5 31. f4 Ne4 32. Nxe6 fxe6 33.
Rxe6+ Kf5 34. Rb6 Rxc2 35. g4+ Kxf4 36. Rxb5 Kg3 37. Rb3+ Rf3 38. Rxf3+ Kxf3
39. Rd3+ Kf4 40. e6 Ng3 41. g5 Rc1+ 42. Kf2 Rf1+ 43. Kg2 Rc1 1-0

[Event "31st 4NCL Congress"]
[Site "Harrogate, North Yorkshire, ENG"]
[Date "2024.01.20"]
[Round "3.2"]
[White "Cuaresma, Gerald"]
[Black "Irving, Neil"]
[Result "1-0"]
[WhiteElo "1929"]
[BlackElo "1964"]
[PlyCount "65"]
[EventDate "2024.01.19"]

1. d4 d5 2. Bg5 Nf6 3. Bxf6 exf6 4. e3 Bd6 5. g3 Be6 6. Bg2 c6 7. Ne2 Qd7 8.
Nd2 Bh3 9. O-O O-O 10. c4 Bxg2 11. Kxg2 dxc4 12. Nxc4 Bc7 13. Qb3 b6 14. Nc3
Qe6 15. e4 b5 16. Nd2 Qxb3 17. Nxb3 Nd7 18. Rac1 Bb6 19. a4 bxa4 20. Nxa4 Rac8
21. Rc2 Rfe8 22. Re1 Kf8 23. f4 f5 24. e5 Nf6 25. Rec1 Nd5 26. Nxb6 Nxb6 27.
Rxc6 Rxc6 28. Rxc6 Na4 29. d5 Nxb2 30. d6 Rd8 31. Nd4 g6 32. Rc7 Na4 33. Nc6
1-0

[Event "31st 4NCL Congress"]
[Site "Harrogate, North Yorkshire, ENG"]
[Date "2024.01.20"]
[Round "3.3"]
[White "Dean, Robert A"]
[Black "Elgar, Tim"]
[Result "1/2-1/2"]
[WhiteElo "1835"]
[BlackElo "1980"]
[PlyCount "117"]
[EventDate "2024.01.19"]

1. e4 c5 2. f4 d5 3. exd5 Nf6 4. c4 e6 5. dxe6 Bxe6 6. Nf3 Nc6 7. Be2 Bd6 8. d3
O-O 9. O-O Qc7 10. Nc3 Bxf4 11. Nb5 Qb8 12. Qe1 Bxc1 13. Rxc1 a6 14. Nc3 Bg4
15. Qf2 b6 16. Qh4 Bxf3 17. Bxf3 Qd6 18. Ne4 Nxe4 19. Bxe4 h6 20. Kh1 Rad8 21.
Rf3 Ne5 22. Rg3 Ng6 23. Qg4 Qf4 24. Qxf4 Nxf4 25. Rd1 Rd4 26. Rf3 Ne6 27. Bd5
Nc7 28. Be4 g6 29. g4 Ne6 30. h4 Kg7 31. Rdf1 b5 32. b3 bxc4 33. bxc4 g5 34.
Rf6 a5 35. R6f5 f6 36. Rb1 Nf4 37. Rxc5 Nxd3 38. Rc7+ Rf7 39. Rxf7+ Kxf7 40.
Rb7+ Ke6 41. Bf5+ Ke5 42. Rb5+ Kf4 43. hxg5 hxg5 44. Rxa5 Ne5 45. Be6 Nf3 46.
Rd5 Rxd5 47. cxd5 Ke5 48. Kg2 Nd4 49. Bf7 Kd6 50. Kf2 Kc5 51. Ke3 Nb5 52. Bg8
Nd6 53. a4 Kb4 54. Kd4 Nb7 55. Be6 Kxa4 56. Kc4 Ka5 57. Bd7 Kb6 58. Kd4 Nd6 59.
Be6 1/2-1/2

[Event "31st 4NCL Congress"]
[Site "Harrogate, North Yorkshire, ENG"]
[Date "2024.01.20"]
[Round "3.4"]
[White "Middleton, Tom"]
[Black "Li, Xiaofan"]
[Result "1-0"]
[WhiteElo "1974"]
[BlackElo "1847"]
[PlyCount "53"]
[EventDate "2024.01.19"]

1. e4 c6 2. Nc3 d5 3. Nf3 Bg4 4. h3 Bxf3 5. Qxf3 e6 6. d4 dxe4 7. Nxe4 Be7 8.
Be3 Nf6 9. Bd3 Nbd7 10. Ng3 Nd5 11. c3 Nxe3 12. fxe3 Nf6 13. e4 Qc7 14. e5 Nd5
15. O-O Bg5 16. Ne4 Be3+ 17. Kh1 O-O 18. c4 Bxd4 19. cxd5 exd5 20. Nf6+ gxf6
21. Qf5 Rfd8 22. Qxh7+ Kf8 23. exf6 Qg3 24. Qh8+ Qg8 25. Qh6+ Ke8 26. Rae1+ Kd7
27. Bf5+ 1-0

[Event "31st 4NCL Congress"]
[Site "Harrogate, North Yorkshire, ENG"]
[Date "2024.01.20"]
[Round "3.5"]
[White "Hymer, Barry J"]
[Black "Kane, Robert"]
[Result "0-1"]
[WhiteElo "1964"]
[BlackElo "1847"]
[PlyCount "90"]
[EventDate "2024.01.19"]

1. d4 Nf6 2. Nc3 d5 3. Bf4 a6 4. e3 e6 5. g4 Bb4 6. Nge2 c5 7. a3 Bxc3+ 8. Nxc3
cxd4 9. exd4 Nc6 10. g5 Ng8 11. Qd3 Nge7 12. O-O-O Qa5 13. Bh3 Bd7 14. Rhe1 b5
15. Bd2 Qc7 16. Ne2 O-O 17. Bf4 Qb6 18. Bd6 Rfe8 19. Bc5 Qc7 20. f4 b4 21. axb4
a5 22. b5 Nb4 23. Qa3 Bxb5 24. Bxb4 axb4 25. Qxb4 Bxe2 26. Rxe2 Ra1+ 27. Kd2
Qxf4+ 28. Ke1 Qh4+ 29. Kd2 Qxg5+ 30. Ke1 Qg1+ 31. Bf1 Rxd1+ 32. Kxd1 Qxf1+ 33.
Kd2 Qf4+ 34. Kd1 Ra8 35. c3 Nf5 36. Qb7 Ra1+ 37. Kc2 h5 38. Kb3 Qf3 39. Rd2 Qf1
40. Qc6 Kh7 41. Kb4 Qf4 42. Re2 Qb8+ 43. Qb5 Qc8 44. Qc5 Qa8 45. Qb5 Nd6 0-1

[Event "31st 4NCL Congress"]
[Site "Harrogate, North Yorkshire, ENG"]
[Date "2024.01.20"]
[Round "3.6"]
[White "Butterworth, Paul"]
[Black "Mulleady, Peter J"]
[Result "1/2-1/2"]
[WhiteElo "1832"]
[BlackElo "1945"]
[PlyCount "104"]
[EventDate "2024.01.19"]

1. d4 Nf6 2. c4 c5 3. d5 b5 4. cxb5 a6 5. b6 Qxb6 6. Nf3 d6 7. Nc3 g6 8. e4 Bg7
9. Nd2 Nbd7 10. Be2 O-O 11. Nc4 Qb8 12. Bf4 a5 13. O-O Ba6 14. Qc2 Qc7 15. a4
Bxc4 16. Bxc4 Nb8 17. Bb5 Na6 18. Qe2 Nb4 19. Rad1 Nd7 20. Bg3 Rad8 21. Rfe1 f6
22. h4 Ne5 23. f4 Nf7 24. Bc4 h5 25. f5 gxf5 26. Qxh5 fxe4 27. Rxe4 Nh6 28.
Rde1 Qd7 29. Re6 Qe8 30. Qxe8 Rdxe8 31. R6e2 Nf5 32. Bf2 Rb8 33. Nb5 Rfd8 34.
Kh2 Bf8 35. g4 Nh6 36. Kh3 Nf7 37. Bg3 Rb7 38. Bf4 Rdd7 39. g5 fxg5 40. Rg2 Kg7
41. Bxg5 Nxg5+ 42. Rxg5+ Kh7 43. Re6 Bg7 44. h5 Bxb2 45. Be2 Rd8 46. Bg4 Bf6
47. Bf5+ Kh8 48. Rg6 Nxd5 49. Rh6+ Kg7 50. Rh7+ Kg8 51. Kg3 Be5+ 52. Kh4 Bf6+
1/2-1/2

[Event "31st 4NCL Congress"]
[Site "Harrogate, North Yorkshire, ENG"]
[Date "2024.01.20"]
[Round "3.7"]
[White "Jones, Neil T"]
[Black "Gibbs, Dominic V"]
[Result "0-1"]
[WhiteElo "1824"]
[BlackElo "1927"]
[PlyCount "98"]
[EventDate "2024.01.19"]

1. d4 e6 2. c4 b6 3. e4 Bb7 4. Nc3 Bb4 5. Bd3 f5 6. Qe2 Nc6 7. Nf3 fxe4 8. Bxe4
Nf6 9. O-O O-O 10. Bc2 Qe8 11. Ne4 Qh5 12. Ng3 Qe8 13. a3 Bd6 14. Qd3 Bxg3 15.
fxg3 Ne7 16. Bg5 Be4 17. Qd2 Bxc2 18. Qxc2 Qg6 19. Qxg6 Nxg6 20. Rae1 h6 21.
Bd2 c5 22. dxc5 bxc5 23. Bc3 Rfd8 24. Bxf6 gxf6 25. g4 Rab8 26. Re2 Rb7 27. h4
Rdb8 28. Rff2 e5 29. g3 Nf8 30. g5 hxg5 31. hxg5 fxg5 32. Rxe5 Rxb2 33. Rxg5+
Kf7 34. Nd2+ Ke7 35. Rxc5 Ne6 36. Rh5 Rf8 37. Rxf8 Kxf8 38. Rf5+ Ke7 39. Rd5
Ra2 40. Rd3 Nc5 41. Re3+ Kf6 42. Nf3 a5 43. Nd4 a4 44. Nb5 Rc2 45. Rc3 Rd2 46.
Re3 Rc2 47. Nc3 Rb2 48. g4 Rb3 49. Kf2 Rxc3 0-1

[Event "31st 4NCL Congress"]
[Site "Harrogate, North Yorkshire, ENG"]
[Date "2024.01.20"]
[Round "3.8"]
[White "Obi, Okwose Marc"]
[Black "Wheeler, Tim"]
[Result "1-0"]
[WhiteElo "1901"]
[BlackElo "1831"]
[PlyCount "57"]
[EventDate "2024.01.19"]

1. e4 g6 2. c4 Bg7 3. Nc3 d6 4. g3 c5 5. Bg2 Nc6 6. Nge2 e6 7. a3 Nge7 8. Rb1
a5 9. d3 O-O 10. O-O Nd4 11. Be3 Nec6 12. f4 f5 13. h3 Ra6 14. Kh2 Qe7 15. Re1
Bd7 16. Bg1 Nxe2 17. Nxe2 Rb6 18. d4 Nb8 19. Nc3 cxd4 20. Bxd4 Bxd4 21. Qxd4
Rb3 22. Red1 e5 23. fxe5 dxe5 24. Qd5+ Kg7 25. Qxa5 Bc6 26. Rd2 b6 27. Nd5 Qg5
28. Nxb6 Qxd2 29. Qxd2 1-0

[Event "31st 4NCL Congress"]
[Site "Harrogate, North Yorkshire, ENG"]
[Date "2024.01.20"]
[Round "3.9"]
[White "Procter, Colin S"]
[Black "Nezis, Anastasios"]
[Result "0-1"]
[WhiteElo "1796"]
[BlackElo "1894"]
[PlyCount "74"]
[EventDate "2024.01.19"]

1. e4 c5 2. Nf3 d6 3. Bb5+ Nd7 4. c3 a6 5. Ba4 b5 6. Bc2 g6 7. O-O Bg7 8. d4
Ngf6 9. Qe2 O-O 10. e5 dxe5 11. dxe5 Ne8 12. e6 fxe6 13. Qxe6+ Kh8 14. Qe2 e5
15. Nbd2 Bb7 16. Be4 Bxe4 17. Nxe4 Qe7 18. Bg5 Nef6 19. Rad1 Qe6 20. Nxf6 Nxf6
21. a3 Rae8 22. Rfe1 Qf5 23. Be3 e4 24. Nd2 Ng4 25. Nf1 c4 26. h3 Ne5 27. Bd4
Nd3 28. Bxg7+ Kxg7 29. Ne3 Qxf2+ 30. Qxf2 Nxf2 31. Rd7+ Kh6 32. Rf1 Nd3 33.
Ng4+ Kg5 34. Rd5+ Rf5 35. Rd6 Rxf1+ 36. Kxf1 e3 37. Nf6 e2+ 0-1

[Event "31st 4NCL Congress"]
[Site "Harrogate, North Yorkshire, ENG"]
[Date "2024.01.20"]
[Round "3.10"]
[White "Billenness, Greg"]
[Black "Patrick, David A"]
[Result "1-0"]
[WhiteElo "1874"]
[BlackElo "1800"]
[PlyCount "58"]
[EventDate "2024.01.19"]

1. d4 d5 2. e4 dxe4 3. Nc3 Nf6 4. Bg5 c6 5. Bc4 Qa5 6. Qd2 Bf5 7. f3 exf3 8.
Nxf3 Nbd7 9. O-O O-O-O 10. a3 b5 11. b4 Qb6 12. Bxf7 Ne4 13. Nxe4 Bxe4 14. Rae1
Bxf3 15. Rxf3 Nf6 16. Be6+ Kb7 17. c3 h6 18. Bh4 g5 19. Bf2 Nd5 20. Bxd5 cxd5
21. Rf7 Qg6 22. Rf3 Rh7 23. Rfe3 Rd6 24. Bg3 Rc6 25. Qe2 a6 26. Qg4 Qe8 27. Qf5
Qg6 28. Qd7+ Kb6 29. Qd8+ Kb7 1-0

[Event "31st 4NCL Congress"]
[Site "Harrogate, North Yorkshire, ENG"]
[Date "2024.01.20"]
[Round "3.11"]
[White "Ashcroft, Graham J"]
[Black "Howorth, Jack"]
[Result "0-1"]
[WhiteElo "1854"]
[BlackElo "1691"]
[PlyCount "72"]
[EventDate "2024.01.19"]

1. c4 Nf6 2. g3 e6 3. Nf3 d5 4. b3 c5 5. Bb2 Nc6 6. e3 Be7 7. Bg2 O-O 8. O-O
Re8 9. Nc3 d4 10. exd4 cxd4 11. Nb5 e5 12. Re1 a6 13. Na3 Bg4 14. h3 Bxf3 15.
Bxf3 Qc7 16. Nc2 Rad8 17. d3 h6 18. a3 Nh7 19. b4 f5 20. Rc1 Bg5 21. Rb1 Kh8
22. Bd5 f4 23. h4 Bf6 24. Kg2 fxg3 25. fxg3 Rf8 26. Qh5 Be7 27. Be4 Nf6 28. Qg6
Bxb4 29. axb4 Ne7 30. Re2 Nxg6 31. Bxg6 Qc6+ 32. Be4 Nxe4 33. Rxe4 Rf7 34. Rbe1
Rdf8 35. R1e2 Rf5 36. Bc1 Qf6 0-1

[Event "31st 4NCL Congress"]
[Site "Harrogate, North Yorkshire, ENG"]
[Date "2024.01.20"]
[Round "3.14"]
[White "Gallagher, Dominic"]
[Black "Vickery, Jim E"]
[Result "1/2-1/2"]
[WhiteElo "1720"]
[BlackElo "1885"]
[PlyCount "32"]
[EventDate "2024.01.19"]

1. d4 Nf6 2. Bf4 g6 3. Nc3 d5 4. e3 Bg7 5. Nf3 c6 6. Bd3 Bg4 7. h3 Bxf3 8. Qxf3
Nbd7 9. O-O O-O 10. Rad1 Qe8 11. e4 dxe4 12. Nxe4 Nxe4 13. Bxe4 Nf6 14. Bd3 Nd5
15. c3 Nxf4 16. Qxf4 e6 1/2-1/2

[Event "31st 4NCL Congress"]
[Site "Harrogate, North Yorkshire, ENG"]
[Date "2024.01.20"]
[Round "3.15"]
[White "Winter, Kevin"]
[Black "O'Gorman, Brendan"]
[Result "1/2-1/2"]
[WhiteElo "1732"]
[BlackElo "1843"]
[PlyCount "34"]
[EventDate "2024.01.19"]

1. e4 c5 2. Nc3 a6 3. g3 b5 4. Bg2 Bb7 5. Nge2 e6 6. O-O Nf6 7. d3 d5 8. exd5
Nxd5 9. Nxd5 Bxd5 10. Bxd5 Qxd5 11. Nf4 Qb7 12. Re1 Be7 13. Qg4 O-O 14. Bd2 Nc6
15. Bc3 Nd4 16. Bxd4 cxd4 17. Ng2 Bf6 1/2-1/2

[Event "31st 4NCL Congress"]
[Site "Harrogate, North Yorkshire, ENG"]
[Date "2024.01.20"]
[Round "3.16"]
[White "Kenning, Paul H"]
[Black "Cawston, M John"]
[Result "1-0"]
[WhiteElo "1829"]
[BlackElo "1770"]
[PlyCount "45"]
[EventDate "2024.01.19"]

1. e4 Nf6 2. Nc3 d5 3. exd5 Nxd5 4. d4 Nxc3 5. bxc3 e6 6. Nf3 Be7 7. Bd3 Bd7 8.
O-O h6 9. Rb1 Bc8 10. Ne5 Nd7 11. f4 Nxe5 12. fxe5 Bg5 13. Ba3 Be7 14. Qf3 Rf8
15. Bxe7 Qxe7 16. Bb5+ Kd8 17. Bc6 Rb8 18. Bxb7 Qa3 19. Bxc8 Rxc8 20. Qc6 Qxa2
21. d5 Ke7 22. d6+ cxd6 23. Rb7+ 1-0

[Event "31st 4NCL Congress"]
[Site "Harrogate, North Yorkshire, ENG"]
[Date "2024.01.20"]
[Round "3.17"]
[White "Nield, Christopher"]
[Black "May, Paul"]
[Result "1-0"]
[WhiteElo "1437"]
[BlackElo "1828"]
[PlyCount "109"]
[EventDate "2024.01.19"]

1. e4 c5 2. Nf3 a6 3. c3 d5 4. exd5 Qxd5 5. d4 e6 6. Be2 cxd4 7. cxd4 Nc6 8.
Nc3 Qd8 9. O-O Nf6 10. Be3 Be7 11. Qd2 O-O 12. Rfd1 Nd5 13. Nxd5 exd5 14. a3 h6
15. Rac1 Bd6 16. h3 Bf5 17. Bd3 Be4 18. Qe2 Re8 19. Bxe4 dxe4 20. Nd2 f5 21. d5
Ne5 22. Nc4 Nd3 23. Rc3 Bc7 24. d6 Bxd6 25. Rcxd3 exd3 26. Rxd3 f4 27. Nxd6
fxe3 28. Nxe8 exf2+ 29. Kxf2 Qxe8 30. Qxe8+ Rxe8 31. Rd7 b5 32. Rd6 a5 33. Rd5
Rb8 34. b4 a4 35. Ke3 Kf7 36. Kd4 Ke6 37. Re5+ Kd6 38. Rd5+ Kc6 39. Rc5+ Kb6
40. Re5 Rd8+ 41. Rd5 Rc8 42. Rd6+ Rc6 43. Kd5 Rxd6+ 44. Kxd6 g6 45. g3 g5 46.
g4 Kb7 47. Kc5 Kc7 48. Kxb5 Kd6 49. Kxa4 Ke5 50. b5 Kd5 51. Ka5 Ke4 52. b6 Kf3
53. b7 Kg3 54. b8=Q+ Kh4 55. Qh8 1-0

[Event "31st 4NCL Congress"]
[Site "Harrogate, North Yorkshire, ENG"]
[Date "2024.01.20"]
[Round "3.18"]
[White "Letton, Rob"]
[Black "David, Barry AH"]
[Result "1/2-1/2"]
[WhiteElo "1773"]
[BlackElo "1658"]
[PlyCount "108"]
[EventDate "2024.01.19"]

1. e4 e6 2. d4 d5 3. e5 c5 4. c3 Nc6 5. Nf3 Qb6 6. Bd3 cxd4 7. cxd4 Bd7 8. O-O
a6 9. Nc3 Nxd4 10. Nxd4 Qxd4 11. Qf3 Qb6 12. a3 Ne7 13. b4 Rc8 14. Bd2 Nc6 15.
Qg3 g6 16. Rac1 Ne7 17. Ne2 Bg7 18. Be3 Qd8 19. Bc5 O-O 20. Bd6 Re8 21. Rxc8
Nxc8 22. Bc5 Ne7 23. Rc1 Nc6 24. f4 Ne7 25. Qf2 Nc8 26. Bd4 Bf8 27. g4 Be7 28.
g5 Bf8 29. h4 Ba4 30. Ng3 Qd7 31. Nf1 Bb5 32. Qd2 Bxd3 33. Qxd3 Ne7 34. Ne3 Rc8
35. Rc3 Rxc3 36. Bxc3 Qc6 37. Ng4 Nf5 38. Nf6+ Kh8 39. h5 Qb6+ 40. Kg2 d4 41.
Bd2 Qc6+ 42. Kg1 Nh4 43. Ne4 Nf5 44. hxg6 fxg6 45. Kf2 Be7 46. Ke2 b5 47. Be1
Bd8 48. Bf2 Bb6 49. Kd2 Qc7 50. Nf6 Qc3+ 51. Ke2 Qb2+ 52. Kf3 Qc3 53. Ke2 Qb2+
54. Kf3 Qc3 1/2-1/2